<?xml version="1.0" encoding="UTF-8"?>
<marc:record xmlns:marc="http://www.loc.gov/MARC21/slim">
   <marc:leader>00000nam a2200000 a 4500</marc:leader>
   <marc:datafield ind1="1" ind2=" " tag="100">
      <marc:subfield code="a">Werse, Bernd</marc:subfield>
      <marc:subfield code="4">aut</marc:subfield>
      <marc:subfield code="e">Verfasser/-in</marc:subfield>
   </marc:datafield>
   <marc:datafield ind1=" " ind2=" " tag="653">
      <marc:subfield code="a">Jugendkultur</marc:subfield>
   </marc:datafield>
   <marc:datafield ind1=" " ind2=" " tag="653">
      <marc:subfield code="a">Haschisch</marc:subfield>
   </marc:datafield>
   <marc:datafield ind1=" " ind2=" " tag="653">
      <marc:subfield code="a">Drogenkonsum</marc:subfield>
   </marc:datafield>
   <marc:datafield ind1=" " ind2=" " tag="653">
      <marc:subfield code="a">Alltag/Lebensführung</marc:subfield>
   </marc:datafield>
   <marc:datafield ind1=" " ind2=" " tag="653">
      <marc:subfield code="a">Persönliche Entwicklung</marc:subfield>
   </marc:datafield>
   <marc:datafield ind1="0" ind2="0" tag="245">
      <marc:subfield code="a">Cannabis in Jugendkulturen</marc:subfield>
   </marc:datafield>
   <marc:datafield ind1="0" ind2="0" tag="245">
      <marc:subfield code="b">kulturhistorische und empirische Betrachtungen zum Symbolcharakter eines Rauschmittels</marc:subfield>
   </marc:datafield>
   <marc:datafield ind1="0" ind2="0" tag="245">
      <marc:subfield code="c">Bernd Werse. [Hrsg.: Archiv der Jugendkulturen e.V.</marc:subfield>
   </marc:datafield>
   <marc:datafield ind1=" " ind2="1" tag="264">
      <marc:subfield code="a">Berlin</marc:subfield>
      <marc:subfield code="b">Archiv-der-Jugendkulturen-Verl.</marc:subfield>
      <marc:subfield code="c">2007</marc:subfield>
   </marc:datafield>
   <marc:datafield ind1="1" ind2=" " tag="490">
      <marc:subfield code="a">Wissenschaftliche Reihe / Archiv der Jugendkulturen e.V.</marc:subfield>
      <marc:subfield code="v">Bd. 1</marc:subfield>
   </marc:datafield>
   <marc:datafield ind1="1" ind2=" " tag="520">
      <marc:subfield code="a">Angaben aus der Verlagsmeldung

Cannabis in Jugendkulturen : Kulturhistorische und empirische Betrachtungen zum Symbolcharakter eines Rauschmittels / von Werse Peter

Cannabis ist nicht nur die mit Abstand am weitesten verbreitete illegale Substanz, sondern auch wie keine andere in Jugendkulturen verankert. Der Autor betritt in zweierlei Hinsicht wissenschaftliches Neuland: Zum einen werden die soziokulturellen Entstehungsbedingungen der Konsummuster und symbolischen Zuschreibungen von Cannabis in Jugendkulturen nachgezeichnet, zum anderen wird ein analytischer Blick auf den Stellenwert der Droge in gegenwärtigen Jugendszenen geworfen. Im Zentrum der mit zahlreichen Originalaussagen von Szenegängern illustrierten empirischen Untersuchung stehen die aktuell weit verbreiteten Jugendkulturen HipHop und Techno. Das Buch bietet aber auch aus zahlreichen anderen Jugendszenen lebhafte Einblicke in den jeweiligen Umgang mit Cannabisprodukten.
</marc:subfield>
   </marc:datafield>
   <marc:datafield ind1=" " ind2=" " tag="020">
      <marc:subfield code="a">9783940213402</marc:subfield>
      <marc:subfield code="9">9783940213402</marc:subfield>
   </marc:datafield>
   <marc:datafield ind1=" " ind2=" " tag="020">
      <marc:subfield code="a">3940213403</marc:subfield>
      <marc:subfield code="9">3940213403</marc:subfield>
   </marc:datafield>
   <marc:datafield ind1=" " ind2=" " tag="041">
      <marc:subfield code="a">ger</marc:subfield>
   </marc:datafield>
   <marc:datafield ind1=" " ind2=" " tag="300">
      <marc:subfield code="a">319 S.</marc:subfield>
   </marc:datafield>
</marc:record>
